01118nas a2200337 4500001001300000003000900013005001700022007000300039008003400042040005400076041000900130072001800139100001800157100002000175100001800195100001900213100001800232100001600250100001400266245013400280246013400414650001100548650001000559650002000569650001600589650001500605650001600620650001300636650002000649773011100669BR2012009472BR-BrBNA20231205121623.0ta230509b bl.|||p| |||| 00| 00por d aBR-BrBNAbporcBiblioteca Nacional de Agricultura a(En) aL73; L72; L701 aVerocai, G.G.1 aFernandes, J.I.1 aCorreia, T.R.1 aMelo, R.M.P.S.1 aAlves, P.A.M.1 aScott, F.B.1 aGrisi, L.1 aInefficacy of albendazole sulphoxide and ivermectin for the treatment of bovine parasitic otitis caused by rhabditiform nematodes1 aInefficacy of albendazole sulphoxide and ivermectin for the treatment of bovine parasitic otitis caused by rhabditiform nematodes aBOVINO aOTITE aDOENÇA ANIMAL aNEMATÓIDE aTRATAMENTO aMEDICAMENTO aPARASITO aPRAGA DE ANIMAL0 tPesquisa Veterinária Brasileira (Brazil)xISSN 0100-736Xg(Nov 2009), v. 29(11) p. 910-912wBR2012009472